| 000 | 00000nam##2200000za#4500 |
| 001 | 9.643887 |
| 003 | CaOODSP |
| 005 | 20210624224402 |
| 007 | cr ||||||||||| |
| 008 | 150407|2000||||xxc|||||o f|0| 0 fre|d |
| 040 | |aCaOODSP|bfre |
| 043 | |an-cn--- |
| 086 | 1 |aFs23-392/2000F-PDF |
| 110 | 2 |aGarde côtière canadienne. |
| 245 | 10|aRecherche et sauvetage à bord de petits bateaux |h[ressource électronique] |
| 250 | |a1ère édition |
| 260 | |aOttawa - Ontario : |bPêches et Océans Canada. |c2000. |
| 300 | |a491p.|bfigures, références, tableaux |
| 500 | |aLe n° de catalogue (Fs23-392/2000F) et l'ISBN (0-660-96442-2) de l'édition imprimée ont été incorrectement copiés dans l'édition pdf. |
| 590 | |a14-16-Supp|b2014-09-25 |
| 775 | 08|tSAR seamanship reference manual |w(CaOODSP)9.699988 |
| 856 | 40|ahttp://publications.gc.ca|qPDF|s5081 Ko|uhttps://publications.gc.ca/collections/collection_2014/mpo-dfo/Fs23-392-2000-fra.pdf |